El Apego de las ciencias sociales a lo real, una lista de reflexiones

Salvato in:
Dettagli Bibliografici
Autore principale: Rojas, Fernando
Ente Autore: Asociación Internacional de Sociología
Natura: testo
Pubblicazione: Cartagena: AIS
Tags: Aggiungi Tag
Nessun Tag, puoi essere il primo ad aggiungerne!!

MARC

LEADER 00000 a a2200000 04500
001 22709
003
040
090 |a 154900  
100 |a Rojas, Fernando  
110 |a Asociación Internacional de Sociología  
245 |a El Apego de las ciencias sociales a lo real, una lista de reflexiones  
260 |a Cartagena:   |b AIS  
300 |a 34 p  
999 |c 5811  |d 5811